Southville International School and Colleges
Your cart is empty.
  • Cart
  • Lists
    Public lists Eva Luna New books Lux_list list_1
    Your lists Log in to create your own lists
  • Log in to your account
  • Your cookies
  • Search history
Southville International School and Colleges
  • Advanced search
  • Recent comments
  • Most popular
  • Libraries

Log in to your account

Log in with GOOGLE


If you do not have an external account, but do have a local account, you can still log in:

  1. Home
  2. MARC view: Serenissima :
Normal view MARC view ISBD view

Serenissima : (Record no. 11263)

[ view plain ]
MARC details
000 -LEADER
fixed length control field 00972cam a2200313 a 4500
001 - CONTROL NUMBER
control field 2879750
003 - CONTROL NUMBER IDENTIFIER
control field OSt
005 - DATE AND TIME OF LATEST TRANSACTION
control field 20140310182246.0
008 - FIXED-LENGTH DATA ELEMENTS--GENERAL INFORMATION
fixed length control field 861125s1987 mau 000 1 eng
010 ## - LIBRARY OF CONGRESS CONTROL NUMBER
LC control number 86027497
020 ## - INTERNATIONAL STANDARD BOOK NUMBER
International Standard Book Number 0395429226 :
Terms of availability $17.95
040 ## - CATALOGING SOURCE
Original cataloging agency DLC
Transcribing agency DLC
Modifying agency DLC
050 00 - LIBRARY OF CONGRESS CALL NUMBER
Classification number PS 3560
Item number .J79 1950
082 00 - DEWEY DECIMAL CLASSIFICATION NUMBER
Classification number FIC J69s
Item number 1987
100 1# - MAIN ENTRY--PERSONAL NAME
Personal name Jong, Erica.
9 (RLIN) 19590
245 10 - TITLE STATEMENT
Title Serenissima :
Remainder of title a novel of Venice /
Statement of responsibility, etc Erica Jong.
260 ## - PUBLICATION, DISTRIBUTION, ETC. (IMPRINT)
Place of publication, distribution, etc Boston :
Name of publisher, distributor, etc Houghton Mifflin,
Date of publication, distribution, etc 1987.
300 ## - PHYSICAL DESCRIPTION
Extent 225 p. ;
Dimensions 25 cm.
600 10 - SUBJECT ADDED ENTRY--PERSONAL NAME
Personal name Shakespeare, William,
Dates associated with a name 1564-1616
General subdivision Fiction.
9 (RLIN) 19591
650 #0 - SUBJECT ADDED ENTRY--TOPICAL TERM
Topical term or geographic name as entry element Dramatists
General subdivision Fiction.
9 (RLIN) 19592
650 #0 - SUBJECT ADDED ENTRY--TOPICAL TERM
Topical term or geographic name as entry element Actresses
General subdivision Fiction.
9 (RLIN) 19593
650 #0 - SUBJECT ADDED ENTRY--TOPICAL TERM
Topical term or geographic name as entry element Time travel
General subdivision Fiction.
9 (RLIN) 19594
651 #0 - SUBJECT ADDED ENTRY--GEOGRAPHIC NAME
Geographic name Venice (Italy)
General subdivision Fiction.
9 (RLIN) 19595
655 #7 - INDEX TERM--GENRE/FORM
Genre/form data or focus term Biographical fiction.
Source of term gsafd
9 (RLIN) 12822
655 #7 - INDEX TERM--GENRE/FORM
Genre/form data or focus term Fantastic fiction.
Source of term gsafd
9 (RLIN) 4903
906 ## - LOCAL DATA ELEMENT F, LDF (RLIN)
a 7
b cbc
c orignew
d 1
e ocip
f 19
g y-gencatlg
942 ## - ADDED ENTRY ELEMENTS (KOHA)
Source of classification or shelving scheme Library of Congress Classification
Koha item type
Holdings
Withdrawn status Lost status Source of classification or shelving scheme Damaged status Home library Current library Shelving location Date acquired Source of acquisition Total Checkouts Full call number Barcode Date last seen Copy number Price effective from Koha item type Public note
Withdrawn   Library of Congress Classification   Luxembourg Library Luxembourg Library Fiction Section 09/14/2013 Donation   PS 3560 .J79 1950 1179 07/17/2019 1 09/14/2013 Books weeded

Serenissima :

APA

Jong E., . (1987). Serenissima. Boston: Houghton Mifflin.

Chicago

Jong Erica, . 1987. Serenissima. Boston: Houghton Mifflin.

Harvard

Jong E., . (1987). Serenissima. Boston: Houghton Mifflin.

MLA

Jong Erica, . Serenissima. Boston: Houghton Mifflin. 1987.

  • Print
  • Cite
  • Add to your cart (remove)
  • Save record
    BIBTEX Dublin Core MARCXML MARC (non-Unicode/MARC-8) MARC (Unicode/UTF-8) MARC (Unicode/UTF-8, Standard) MODS (XML) RIS
  • More searches
    Search for this title in:
    Other Libraries (WorldCat) Other Databases (Google Scholar) Online Stores (Bookfinder.com) Open Library (openlibrary.org)

Exporting to Dublin Core...

SOUTHVILLE LIBRARY

Southville International School and Colleges Library

1281 Tropical Ave. Cor. Luxembourg St., BF Homes International, Las Pinas City

Tel. No. 8256374 / 252358 Loc. 117/146

Powered by Koha